00941nas a2200277 4500001001300000003000900013005001700022007000300039008003400042040005400076041000900130072001300139100001700152100002300169100001700192100002000209245015700229650001300386650001000399650002300409650001900432650002200451650001700473773010500490856006800595BR2015001411BR-BrBNA20231205125102.0ta230509b bl.|||p| |||| 00| 00por d aBR-BrBNAbporcBiblioteca Nacional de Agricultura a(Pt) aF01; H011 aLima, M.H.D.1 aLoureiro, E. de S.1 aKassab, S.O.1 aSilva, A. de S.1 aEficiência de fungos entomopatogênicos para o controle de ninfas de bemisia tuberculata (Bondar, 1923)(Hemiptera: aleyrodidae)em cultivo de mandioca aMANDIOCA aFUNGO aCONTROLE BIOLOGICO aPATOGENICIDADE aMANIHOT ESCULENTA aMOSCA BRANCA0 tRevista Raízes e Amidos Tropicais (Brazil)xISSN 1808-981Xg(2012), v. 8(1) p. 47-56wBR201500141140uhttp://energia.fca.unesp.br/index.php/rat/article/view/1069/424